|
|
|
|
| LEADER |
01410nam a2200265 a 4500 |
| 001 |
GR-Patra24246 |
| 003 |
GR-PaULI |
| 005 |
20230609111712.0 |
| 008 |
080212s2004 gr g 000 0 gre d |
| 020 |
|
|
|a 9602097388
|
| 040 |
|
|
|a GrPaTEI
|b gre
|c GR-PaULI
|e AACR2
|
| 082 |
0 |
4 |
|a 658.404 028 553 69
|2 23
|
| 100 |
1 |
|
|a Chatfield, Carl S.,
|9 198800
|d 1964-
|e συγγραφέας.
|
| 245 |
1 |
0 |
|a Microsoft Office Project 2003 /
|c Carl Chatfield και Timothy Johnson.
|
| 260 |
|
|
|a Αθήνα :
|b Κλειδάριθμος,
|c c2004.
|
| 300 |
|
|
|a 562 σ. :
|b εικ. ;
|c 24 εκ. +
|e 1 σύμπυκνος δίσκος ανάγνωσης Η/Υ.
|
| 500 |
|
|
|a Περιλαμβάνει ευρετήριο.
|
| 650 |
|
4 |
|a Microsoft Project
|9 198801
|
| 650 |
|
0 |
|a Διαχείριση έργου
|x Υπολογιστές
|x Προγράμματα
|9 198802
|
| 700 |
1 |
|
|a Johnson, Timothy D.,
|9 198803
|d 1962-
|e συγγραφέας.
|
| 942 |
|
|
|2 ddc
|c BK
|
| 952 |
|
|
|0 0
|1 0
|2 ddc
|4 0
|6 658_404028553690000_CHA
|7 1
|9 304813
|a LISK
|b LISK
|c BSC
|d 2021-01-17
|e 24
|f 0
|g 0.00
|l 0
|o 658.40402855369 CHA
|p 92410035686
|r 2021-01-17 00:00:00
|t 1
|w 2021-01-17
|y BKN
|x 20080212 0 0
|x GrPaTEI
|
| 952 |
|
|
|0 0
|1 0
|2 ddc
|4 0
|6 658_404000000000000_028_553_69_CHA
|7 0
|9 304815
|a LISP
|b LISP
|c ALFg
|d 2021-01-17
|e
|f 0
|i 35683
|l 0
|o 658.404 028 553 69 CHA
|p 025000301602
|r 2021-01-17 00:00:00
|t 2
|w 2021-01-17
|y BK15
|x
|x GrPaTEI
|
| 998 |
|
|
|c ΜΠΟΥΡΑΣ
|d 2023-06
|
| 999 |
|
|
|c 176577
|d 176577
|